1781 1675 1960 1867 1075 1821 1723 1273 1696 1783 1487 1399 1892 1010 1391 1512 1904 1774 1842 1977 1863 1651 1604 1375 1554 1431 1076 1863 1283 1726 1987 1847 1426 1752 1260 1185 1526 1709 1760 1430 1241 1355 1691 1286 1090 1650 1250 1966 1116 1944 1447 1500 1964 1102 1293 1038 1393 1853 1610 1059 1150 1776 1204 1077 1460 1697 1148 1879 1406 1837 1514 1234 1267 1993 1225 1577 1760 1778 1094 1285 1875 1460 1179 1135 1321 1284 1847 1744 1605 1991 1787 1207 1921 1511 1840 1569 1778 1738 1369 BCNSPRNW ULIB Ver.6.0+V

เปลี่ยนเป็นภาษาไทย

Change to English
 แสดงรายละเอียดบรรณานุกรม
  กลับหน้าหลัก

Brief Record : Get Marc (ISO 2709) : E-mail record : QR code < ปิดหน้าต่าง
LEADER : 00000nam 2200000uu 4500
001    13399113865
003     ULIB
008    120110s||||||||th 000 0 tha d
099    วจ.WY18.2^bช616ผ
100 0  ชุติพร จริตงาม
245 00 ผลของการเรียนรู้ของนักศึกษาพยาบาลต่อการ เรียนด้วยบทเรียนคอมพิวเตอร์ช่วยสอน เรื่องโรคเบาหวาน/^cชุติพร จริตงาม
260    นครสวรรค์ :^bวิทยาลัยพยาบาลบรมราชชนนี สวรรค์ประชารักษ์ นครสวรรค์,^c2554
300    88 หน้า
650  7 คอมพิวเตอร์ช่วยสอน^xวิจัย
650  7 การเรียนการสอน^xวิจัย
650  7 โรคเบาหวาน^xสื่อการสอน^xวิจัย
710 1  วิทยาลัยพยาบาลบรมราชชนนี สวรรค์ประชารักษ์ นครสวรรค์
945    ^p0^l0^i030928
995    ทศพร
999 ^a ทศพร
รายการนี้ยังไม่มีแท็ก
คุณยังไม่ได้ล็อกอิน คุณสามารถมีกิจกรรมร่วมกับเว็บไซต์ได้ แต่ต้องล็อกอินก่อน ::
  ล็อกอิน

รายการสื่อสารสนเทศ

ลำดับที่ ประเภท เลขเรียก/บาร์โค้ด สถานที่ สถานะ
1. งานวิจัย
งานวิจัย
วจ.WY18.2 ช616ผ ฉ.1 
  Barcode: 030928
ห้องสมุดวิทยาเขตสวรรค์ประชารักษ์
►วิจัย
บนชั้น

รายการใกล้เคียง
    ผู้แต่ง [ชุติพร จริตงาม]

BibComment


ยังไม่เคยถูกคอมเมนท์

คอมเมนท์ทรัพยากรรายการนี้
  คอมเมนท์: ผลของการเรียนรู้ข..


 Copyright 2026. Bcnsprnw @Library